000 00972nam a22002417a 4500
005 20120614170415.0
008 081007t xxu||||| |||| 00| 0 mar d
010 _aMAR-22636
020 _c200.00
035 _aMR-15294
037 _bD.B.Act /pub
082 _a921
100 _949115
_aदोंदे, रा.शि.
245 _aपहाट होता होता /
_cरा.शि.दोंदे
246 _bby R.S.Donde
_aPahat Hota Hota
260 _aपुणे
_bअनंत प्रकाशन
_c2011
270 _bपुणे
_a149,शनिवार पेठ,
_e411030
300 _a231पृ.
_c22सेमी(अजिल्द)
650 _952691
_aआत्मचरित्र
650 _aAutobiography
_952710
942 _2ddc
_cMR
_mदोंदेरा
_h921
999 _c70411
_d70411